000 00522nam a2200169 i 4500
001 145811
003 ES-MaACL
005 20230906201325.0
007 t|
008 071017s1930 sp ||||1| cat d
100 1 _aVerger, Maria (
_d1892-1983)
_9114095
245 1 0 _aTendal d'estrelles
_b: poemes /
_cMaria Verger ; proleg de Josep Maria de Segarra.
260 _aBarcelona :
_bEditorial PolĂ­glota,
_c1930.
300 _a59 p. ;
_c20 cm.
700 1 _aSegarra, Josep Maria de.
_9105121
852 _aES-MaACL
_j1812-F-6
999 _c145811
_d145811